000 01026nam a2200265 a 4500
001 000026801
005 20250924073802.0
008 110325s1991 dr ac 001 0 spa d
040 _aDO-SdBNP
_bspa
_cBNPHU
082 _a378.7293
_bU58r
110 1 _aUniversidad Autónoma de Santo Domingo
_972951
245 1 0 _aReseña gráfica UASD :
_b1990-91.
246 1 3 _aLa universidad en gráficas 1990-91
260 _aSanto Domingo :
_bUASD,
_c1991.
300 _a107 p. :
_bil., retrs. ;
_c20 cm.
490 1 _aPublicaciones de la Universidad Autónoma de Santo Domingo
_v567
490 1 _aActos académicos
_v9
590 _aInventariado, 2018/ YL
610 0 _aUniversidad Autónoma de Santo Domingo
_976692
650 4 _aUniversidades
_zRepública Dominicana
_xHistoria
_97145
650 4 _aAdministración universitaria
_xRepública dominicana
_953910
830 _aPublicaciones de la Universidad Autónoma de Santo Domingo
_v567
_952
830 0 _aActos académicos
_n9
_953911
910 _aValidado. Control de calidad EMS.
999 _c26293
_d26293